ポケモン ジムリーダーの名前 - Statistics

General Stats
  • This quiz has been taken 127 times
  • The average score is 40 of 87
Answer Stats
地方 Answer タイプ % Correct
カントー地方 ニビシティ タケシ いわ
96%
カントー地方 ハナダシティ カスミ みず
92%
カントー地方 クチバシティ マチス でんき
75%
カントー地方 トキワシティ(赤・緑) サカキ じめん
74%
カントー地方 タマムシシティ エリカ くさ
73%
カントー地方 ヤマブキシティ ナツメ エスパー
73%
カントー地方 グレンタウン カツラ ほのお
71%
カントー地方 トキワシティ(金・銀) グリーン
71%
カントー地方 セキチクシティ(赤・緑) キョウ どく
70%
シンオウ地方 ナギサシティ デンジ でんき
66%
ホウエン地方 トクサネシティ(男) フウ エスパー
64%
ジョウト地方 コガネシティ アカネ ノーマル
63%
イッシュ地方 ソウリュウシティ(ホワイト) アイリス ドラゴン
61%
パルデア地方 ハッコウシティ ナンジャモ でんき
61%
ジョウト地方 アサギシティ ミカン はがね
59%
ホウエン地方 トクサネシティ(女) ラン エスパー
58%
イッシュ地方 ライモンシティ カミツレ でんき
54%
ガラル地方 ラテラルタウン(ソード) サイトウ かくとう
54%
シンオウ地方 ハクタイシティ ナタネ くさ
53%
イッシュ地方 フキヨセシティ フウロ ひこう
53%
ホウエン地方 キンセツシティ テッセン でんき
52%
ガラル地方 ナックルシティ キバナ ドラゴン
52%
ジョウト地方 キキョウシティ ハヤト ひこう
51%
ホウエン地方 ルネシティ(ルビー・サファイア) ミクリ みず
51%
シンオウ地方 クロガネシティ ヒョウタ いわ
51%
イッシュ地方 サンヨウシティ デント くさ
51%
カントー地方 セキチクシティ(金・銀) アンズ どく
50%
ジョウト地方 フスベシティ イブキ ドラゴン
50%
ホウエン地方 フエンタウン アスナ ほのお
50%
シンオウ地方 ヨスガシティ メリッサ ゴースト
47%
カロス地方 ミアレシティ シトロン でんき
47%
ガラル地方 キルクスタウン(シールド) メロン こおり
47%
ジョウト地方 エンジュシティ マツバ ゴースト
46%
ホウエン地方 ヒワマキシティ ナギ ひこう
46%
イッシュ地方 ホドモエシティ ヤーコン じめん
46%
イッシュ地方 ソウリュウシティ(ブラック) シャガ ドラゴン
46%
パルデア地方 チャンプルタウン アオキ ノーマル
46%
シンオウ地方 トバリシティ スモモ かくとう
45%
シンオウ地方 キッサキシティ スズナ こおり
45%
ホウエン地方 カナズミシティ ツツジ いわ
43%
ホウエン地方 ムロタウン トウキ かくとう
43%
ホウエン地方 トウカシティ センリ ノーマル
43%
シンオウ地方 ミオシティ トウガン はがね
43%
イッシュ地方 ヒウンシティ アーティ むし
43%
カロス地方 ハクダンシティ ビオラ むし
43%
カロス地方 シャラシティ コルニ かくとう
43%
アローラ地方 メレメレ島(しまキング) ハラ かくとう
43%
アローラ地方 アーカラ島 カキ ほのお
43%
ジョウト地方 ヒワダタウン ツクシ むし
42%
シンオウ地方 ノモセシティ マキシ みず
42%
イッシュ地方 ヒオウギシティ チェレン ノーマル
42%
アローラ地方 アーカラ島 スイレン みず
42%
ジョウト地方 チョウジタウン ヤナギ こおり
41%
ガラル地方 ターフタウン ヤロー くさ
41%
ガラル地方 エンジンシティ カブ ほのお
41%
ガラル地方 ラテラルタウン(シールド) オニオン ゴースト
41%
パルデア地方 カラフシティ ハイダイ みず
41%
イッシュ地方 サンヨウシティ コーン みず
40%
ガラル地方 スパイクタウン ネズ あく
40%
イッシュ地方 タチワキシティ ホミカ どく
39%
アローラ地方 アーカラ島 マオ くさ
39%
アローラ地方 ウラウラ島 マーマネ でんき
39%
ガラル地方 バウタウン ルリナ みず
38%
カロス地方 ヒヨクシティ フクジ くさ
37%
イッシュ地方 シッポウシティ アロエ ノーマル
35%
イッシュ地方 セッカシティ ハチク こおり
35%
アローラ地方 ウラウラ島 アセロラ ゴースト
35%
パルデア地方 ナッペ山 グルーシャ こおり
35%
イッシュ地方 サンヨウシティ ポッド ほのお
34%
パルデア地方 フリッジタウン ライム ゴースト
34%
ホウエン地方 ルネシティ(エメラルド) アダン みず
33%
カロス地方 クノエシティ マーシュ フェアリー
33%
カロス地方 エイセツシティ ウルップ こおり
33%
ジョウト地方 タンバシティ シジマ かくとう
32%
カロス地方 ショウヨウシティ ザクロ いわ
32%
アローラ地方 ウラウラ島(しまキング) クチナシ あく
32%
ガラル地方 キルクスタウン(ソード) マクワ いわ
32%
パルデア地方 セルクルタウン カエデ むし
32%
イッシュ地方 セイガイハシティ シズイ みず
30%
カロス地方 ヒャッコクシティ ゴジカ エスパー
30%
ガラル地方 アラベスクタウン ポプラ フェアリー
30%
アローラ地方 メレメレ島 イリマ ノーマル
26%
アローラ地方 アーカラ島(しまクイーン) ライチ いわ
24%
パルデア地方 ボウルタウン コルサ くさ
24%
アローラ地方 ポニ島 マツリカ フェアリー
23%
パルデア地方 ベイクタウン リップ エスパー
23%
アローラ地方 ポニ島(しまクイーン) ハプウ じめん
22%
No matching quizzes found
Score Distribution
Percent of People with Each Score
Percentile by Number Answered
Your Score History
You have not taken this quiz